| 000 | 005680000a22002050004500 | ||
|---|---|---|---|
| 003 | LK-CoMWRAF | ||
| 005 | 20230828223243.0 | ||
| 008 | 230817t1935 ||||| |||| 00| 0 eng d | ||
| 020 | _a09304920X | ||
| 040 |
_aLK-CoMWRAF _dLK-CoMWRAF _eLK-CoMWRAF |
||
| 041 | _aeng | ||
| 082 |
_a307.2 _bVIJ |
||
| 100 | _aVijayatunga, J. | ||
| 245 |
_aGrass for my feet : _bVignettes of village life in Sri Lanka |
||
| 260 |
_aSri Lanka _bEdward Arnold & Co., _c1935 |
||
| 300 | _a120p | ||
| 650 | _a Villages - Sri Lanka | ||
| 650 | _aSri Lanka -- Rural conditions | ||
| 942 | _cBK | ||
| 999 |
_c2365 _d2365 |
||